000
00292nam a2200109Ia 4500
008
200302s9999 xx 000 0 und d
100
_a
T.V Ramachandra
245
_a
Municipal Water and Wastewater Treatment
260
_b
The Energy and Resources Institute
260
_c
2006
300
_a
264 P.,
999
_c
4296
_d
4296